Normal view MARC view
  • United Kingdom

Entry Corporate Name

Number of records used in: 5

001 - CONTROL NUMBER

  • control field: 5119

003 - CONTROL NUMBER IDENTIFIER

  • control field: SIRSI

005 - DATE AND TIME OF LATEST TRANSACTION

  • control field: 20190806150240.0

008 - FIXED-LENGTH DATA ELEMENTS

  • fixed length control field: 070213n| aaannaabn |n ana d

040 ## - CATALOGING SOURCE

  • Original cataloging agency: OSt
  • Transcribing agency: OSt

110 1# - HEADING--CORPORATE NAME

  • Corporate name or jurisdiction name as entry element: United Kingdom
  • Subordinate unit: Office of Government Commerce

670 ## - SOURCE DATA FOUND

  • Source citation: Making competition work for you, 2006